000 00553nam a22001817a 4500
003 UA-OsUOA
001 25574
007 ta
008 20040326b un ||||| |||| 00| 0 ukr d
100 _aКоломоєць Т.
942 _cSA
040 _aUA-OsUOA
_cUA-OsUOA
_dUA-OsUOA
245 _aПублічне право України як підстава адміністративного примусу
300 _aС.99-102
955 _a0
773 0 _w0
_tПраво України
_dКиїв
_d2004
_gN3
650 7 _aПублічне право
_2UDC
999 _c311872
_d311872